Personálny manažment /
Gespeichert in:
| 1. Verfasser: | |
|---|---|
| Format: | Buch |
| Sprache: | Slowakisch |
| Veröffentlicht: |
Prešov :
Prešovská univerzita v Prešove,
1999
|
| Ausgabe: | 2. vyd. |
| Schlagworte: | |
| ISBN: | 8088885426 |
| Online-Zugang: |
|
| Tags: |
Tag hinzufügen
Keine Tags, Fügen Sie den ersten Tag hinzu!
|
MARC
| LEADER | 00000nam a2200000 4500 | ||
|---|---|---|---|
| 003 | SK-BrCVT | ||
| 005 | 20220617200124.0 | ||
| 008 | 990601s1999 xo e ||||||slo d | ||
| 020 | |a 8088885426 | ||
| 035 | |a CVTIDW0949049 | ||
| 040 | |b slo |a CVTI SR | ||
| 041 | 0 | |a slo | |
| 044 | |a xo | ||
| 080 | |a 658.3.012.4 |2 UDC-MRF | ||
| 100 | 1 | |a Čorba, Vojtech | |
| 245 | 1 | 0 | |a Personálny manažment / |c Vojtech Čorba |
| 250 | |a 2. vyd. | ||
| 260 | |a Prešov : |b Prešovská univerzita v Prešove, |c 1999 | ||
| 300 | |a 108 s. : |b lit. ; | ||
| 500 | |a Na titulnom liste rok vydania 1998 | ||
| 653 | 1 | |a plánovanie |a riadenie |a trhová ekonomika |a manažér | |
| 910 | |b A568865 | ||
| 919 | |a 80-88885-42-6 | ||
| 974 | |f Knihy | ||
| 992 | |a AUV | ||
| 999 | |c 105954 |d 105954 | ||

